Database systems : management and design

Bibliographic Details
Main Authors: Pratt, Philip J. (Author), Adamski, Joseph J. (Author)
Format: Book
Language:English
Published: Danvers, Mass : boyd & fraser 1994
Edition:Third edition
Subjects:

MARC

LEADER 00000cam a2200000 7i4500
001 0000005830
005 20240930.0
008 231208 maua eng
020 |a 0877091153 (hc) 
040 |a INS   |b eng   |e rda 
090 0 0 |a QA76.9.D3   |b .P73 1994 
100 1 |a Pratt, Philip J. ,   |e author 
245 1 0 |a Database systems :   |b management and design   |c Philip J. Prat, Joseph J. Adamski 
250 |a Third edition 
264 1 |a Danvers, Mass :   |b boyd & fraser   |c 1994 
264 4 |c ©1994 
300 |a xxii, 678 pages :   |b illustrations ;   |c 24 cm. 
336 |a text  |2 rdacontent 
337 |a unmediated  |2 rdamedia 
338 |a volume  |2 rdacarrier 
500 |a Includes index 
650 0 |a Data base management 
650 0 |a System design 
700 1 |a Adamski, Joseph J. ,   |e author 
999 |a 0000007337   |b BOOK   |c Open Shelf   |e Default branch